000 00388nam a2200145Ia 4500
008 100122s9999 xx 000 0 und d
082 _b29752
_a928
100 _aकीर गिरिजा
245 _aदर्शन
260 _bहेमचंद्र प्रकाशन
_c1905
300 _a132
630 _aदर्शन
730 _aदर्शन
942 _cBOOK
999 _c414874
_d414871